[Event "Perm Rating September"]
[Site "Perm"]
[Date "2010.09.28"]
[Round "7"]
[White "Neuymina, Nadezhda"]
[Black "Chechurin, Yury"]
[Result "0-1"]
[WhiteElo "1784"]
[BlackElo "1771"]
[PlyCount "54"]
[EventDate "2010.09.20"]
[EventType "swiss"]
[EventRounds "7"]
[EventCountry "RUS"]
[SourceTitle "EXT 2022"]
[Source "ChessBase"]
[SourceDate "2021.10.06"]
[SourceVersion "1"]
[SourceVersionDate "2021.10.06"]
[SourceQuality "1"]

1. e4 c5 2. Nc3 d6 3. g3 Nc6 4. Bg2 h5 5. d3 h4 6. h3 hxg3 7. fxg3 Nf6 8. Qf3 Nd4 9. Qf2 Rb8 10. Be3 e5 11. Qd2 b5 12. Bg5 Be7 13. Nd1 b4 14. Nf3 Nxf3+ 15. Bxf3 Rxh3 16. Rxh3 Bxh3 17. Qh2 Be6 18. Ne3 Qa5 19. Ke2 b3 20. Bxf6 gxf6 21. cxb3 Bxb3 22. Nf5 Kd7 23. Qh6 Be6 24. b3 Rxb3 25. axb3 Qxa1 26. Bg4 Qb2+ 27. Kf3 Qxb3 0-1

[Event "Perm op 04"]
[Site "Perm"]
[Date "2010.04.27"]
[Round "6"]
[White "Mustaev, Nikolay"]
[Black "Chechurin, Yury"]
[Result "1-0"]
[WhiteElo "2286"]
[BlackElo "1820"]
[PlyCount "69"]
[EventDate "2010.04.22"]
[EventType "swiss"]
[EventRounds "9"]
[EventCountry "RUS"]
[SourceTitle "EXT 2012"]
[Source "ChessBase"]
[SourceDate "2011.11.24"]
[SourceVersion "1"]
[SourceVersionDate "2011.11.24"]
[SourceQuality "1"]

1. e4 Nf6 2. e5 Nd5 3. d4 d6 4. c4 Nb6 5. exd6 cxd6 6. Nf3 Bg4 7. Nc3 e6 8. b3 Be7 9. Be2 Nc6 10. 0-0 0-0 11. Be3 Bxf3 12. Bxf3 d5 13. cxd5 Nxd5 14. Nxd5 exd5 15. Rc1 Ba3 16. Rc2 Nb4 17. Rd2 Rc8 18. Qb1 f5 19. Bf4 Rc6 20. g3 Qd7 21. Re1 Rfc8 22. Rde2 Nc2 23. Re5 Nxe1 24. Bxd5+ Kh8 25. Bxc6 Rxc6 26. Qxe1 h6 27. Qa5 Bb2 28. Rd5 Qe6 29. Rd8+ Kh7 30. d5 Qe4 31. dxc6 Qb1+ 32. Kg2 Qe4+ 33. Kh3 g5 34. Qc7+ Bg7 35. Rd7 1-0

[Event "Perm op 07"]
[Site "Perm"]
[Date "2009.07.22"]
[Round "2"]
[White "Chechurin, Yury"]
[Black "Losev, Anatoly"]
[Result "0-1"]
[WhiteElo "2185"]
[BlackElo "2061"]
[PlyCount "80"]
[EventDate "2009.07.21"]
[EventType "swiss"]
[EventRounds "9"]
[EventCountry "RUS"]
[SourceTitle "EXT 2012"]
[Source "ChessBase"]
[SourceDate "2011.11.24"]
[SourceVersion "1"]
[SourceVersionDate "2011.11.24"]
[SourceQuality "1"]

1. d4 Nf6 2. c4 b6 3. Nc3 Bb7 4. Qc2 Nc6 5. d5 Nb4 6. Qb3 e6 7. a3 Na6 8. e4 exd5 9. exd5 Bc5 10. Be2 0-0 11. Nf3 c6 12. dxc6 Bxc6 13. 0-0 Re8 14. Qc2 Nc7 15. b4 Be7 16. Be3 d6 17. Nd4 Bb7 18. Rfd1 Ne6 19. Nf5 a5 20. Na4 Be4 21. Bd3 Bxf5 22. Bxf5 axb4 23. axb4 Qb8 24. Nxb6 Rxa1 25. Rxa1 Qb7 26. Rb1 g6 27. Bd3 Ng4 28. Nd5 Nxe3 29. Nxe3 f5 30. Be2 Nd4 31. Qd3 Bf6 32. Bf1 Be5 33. Nd5 Ra8 34. g3 Ra2 35. Bg2 Qa7 36. Ne3 f4 37. gxf4 Ne2+ 38. Kf1 Nxf4 39. Bd5+ Kg7 40. c5 Nxd3 0-1

[Event "Perm op2 03"]
[Site "Perm"]
[Date "2008.04.01"]
[Round "6"]
[White "Chechurin, Yury"]
[Black "Zamorin, Nikolai"]
[Result "1-0"]
[WhiteElo "1881"]
[BlackElo "1969"]
[PlyCount "65"]
[EventDate "2008.03.25"]
[EventType "swiss"]
[EventRounds "7"]
[EventCountry "RUS"]
[SourceTitle "EXT 2022"]
[Source "ChessBase"]
[SourceDate "2021.10.06"]
[SourceVersion "1"]
[SourceVersionDate "2021.10.06"]
[SourceQuality "1"]

1. e4 c5 2. c3 d5 3. exd5 Qxd5 4. d4 Nf6 5. Nf3 e6 6. Be2 cxd4 7. Qxd4 Nc6 8. Qxd5 Nxd5 9. 0-0 Be7 10. g3 0-0 11. Nbd2 e5 12. Bb5 f6 13. Bxc6 bxc6 14. a3 Bf5 15. Re1 Bc5 16. Ne4 Bb6 17. Nh4 Bg4 18. c4 Ne7 19. c5 Bc7 20. Kg2 Rad8 21. h3 Bc8 22. b4 Rd3 23. Re3 Rfd8 24. Nd6 Rd1 25. Nxc8 Nxc8 26. Bb2 R1d2 27. Bc3 R2d3 28. Rxd3 Rxd3 29. Be1 Ne7 30. Nf3 e4 31. Nd2 f5 32. Nc4 Be5 33. Ra2 1-0

[Event "Perm op 01"]
[Site "Perm"]
[Date "2008.01.18"]
[Round "3"]
[White "Chechurin, Yury"]
[Black "Bychenkova, Sonia"]
[Result "0-1"]
[WhiteElo "1881"]
[BlackElo "1555"]
[PlyCount "72"]
[EventDate "2008.01.16"]
[EventType "swiss"]
[EventRounds "9"]
[EventCountry "RUS"]
[SourceTitle "EXT 2022"]
[Source "ChessBase"]
[SourceDate "2021.10.06"]
[SourceVersion "1"]
[SourceVersionDate "2021.10.06"]
[SourceQuality "1"]

1. d4 Nf6 2. Nf3 c5 3. d5 b5 4. Bg5 Ne4 5. Bf4 Bb7 6. Qd3 f5 7. Nfd2 c4 8. Qd4 Na6 9. Nxe4 fxe4 10. Nc3 Qa5 11. Rd1 b4 12. Nxe4 b3+ 13. Bd2 Qxd5 14. Qxd5 Bxd5 15. Nc3 bxc2 16. Rc1 Be6 17. Rxc2 g6 18. Nb5 d5 19. Bc3 Rg8 20. g3 Bd7 21. Bg2 e6 22. a4 Rb8 23. 0-0 Nc5 24. Be5 Rb7 25. Nd6+ Bxd6 26. Bxd6 Nxa4 27. e4 Bc6 28. Bh3 Kf7 29. b3 Rxb3 30. Ra1 Rd8 31. Be5 c3 32. Rca2 d4 33. Rxa4 Bxa4 34. Rxa4 Rb7 35. Bxd4 Rxd4 36. Rxd4 c2 0-1

[Event "Perm op-A 08"]
[Site "Perm"]
[Date "2007.08.08"]
[Round "5"]
[White "Kuznetsov, Evgeny"]
[Black "Chechurin, Yury"]
[Result "1-0"]
[WhiteElo "2160"]
[BlackElo "1877"]
[PlyCount "51"]
[EventDate "2007.08.03"]
[EventType "swiss"]
[EventRounds "9"]
[EventCountry "RUS"]
[SourceTitle "EXT 2008"]
[Source "ChessBase"]
[SourceDate "2007.11.25"]
[SourceVersion "1"]
[SourceVersionDate "2007.11.25"]
[SourceQuality "1"]

1. c4 c5 2. Nc3 Nc6 3. d3 d6 4. Nf3 Nf6 5. g3 g6 6. Bg2 Bg7 7. 0-0 0-0 8. e4 e5 9. h3 h6 10. Be3 Be6 11. Nd5 Bxd5 12. exd5 Nd4 13. Nxd4 exd4 14. Bf4 Kh7 15. h4 Re8 16. Qd2 Nh5 17. Rae1 Nxf4 18. Qxf4 Rxe1 19. Rxe1 Qf8 20. Bh3 Rd8 21. h5 g5 22. Qf5+ Kg8 23. Bg2 Re8 24. Be4 Qe7 25. Re2 Qf6 26. Qd7 1-0

[Event "Perm Elo op-B"]
[Site "Perm"]
[Date "2007.05.03"]
[Round "5"]
[White "Chechurin, Yury"]
[Black "Yulaev, Farit"]
[Result "0-1"]
[WhiteElo "1912"]
[BlackElo "1787"]
[PlyCount "26"]
[EventDate "2007.04.25"]
[EventType "swiss"]
[EventRounds "9"]
[EventCountry "RUS"]
[SourceTitle "EXT 2010"]
[Source "ChessBase"]
[SourceDate "2010.11.25"]
[SourceVersion "1"]
[SourceVersionDate "2010.11.25"]
[SourceQuality "1"]

1. d4 d5 2. c4 e6 3. Nc3 Nf6 4. Bg5 c6 5. Nf3 Qa5 6. e3 Bb4 7. Bd3 dxc4 8. Bxc4 Ne4 9. Bh4 Nxc3 10. bxc3 Bxc3+ 11. Ke2 Bxa1 12. Qxa1 0-0 13. Ne5 Nd7 0-1

[Event "Perm Elo op-B"]
[Site "Perm"]
[Date "2007.04.27"]
[Round "3"]
[White "Losev, Anatoly"]
[Black "Chechurin, Yury"]
[Result "1/2-1/2"]
[WhiteElo "1965"]
[BlackElo "1912"]
[PlyCount "70"]
[EventDate "2007.04.25"]
[EventType "swiss"]
[EventRounds "9"]
[EventCountry "RUS"]
[SourceTitle "EXT 2010"]
[Source "ChessBase"]
[SourceDate "2010.11.25"]
[SourceVersion "1"]
[SourceVersionDate "2010.11.25"]
[SourceQuality "1"]

1. e4 c5 2. Nf3 Nc6 3. Nc3 e6 4. d4 cxd4 5. Nxd4 h6 6. Be2 Nf6 7. Be3 Bb4 8. f3 0-0 9. 0-0 a6 10. a3 Bxc3 11. bxc3 d5 12. Nxc6 bxc6 13. e5 Nd7 14. f4 c5 15. Qd2 f5 16. exf6 Rxf6 17. f5 Qe7 18. Rae1 Bb7 19. fxe6 Rxf1+ 20. Bxf1 Nf6 21. Bd3 Ne4 22. Bxe4 dxe4 23. Qf2 Qxe6 24. Bxc5 Re8 25. Bd4 Rf8 26. Qg3 Rf7 27. Re2 Qa2 28. h4 Qxa3 29. Kh2 Qe7 30. Qe1 Rf4 31. g3 Rf7 32. Rf2 Rxf2+ 33. Qxf2 Qf7 34. Kg1 Qd5 35. Qe3 a5 1/2-1/2

[Event "Perm op 02"]
[Site "Perm"]
[Date "2007.02.14"]
[Round "1"]
[White "Chechurin, Yury"]
[Black "Goldshtein, Grigory"]
[Result "0-1"]
[WhiteElo "1912"]
[BlackElo "2185"]
[PlyCount "46"]
[EventDate "2007.02.14"]
[EventType "swiss"]
[EventRounds "7"]
[EventCountry "RUS"]
[SourceTitle "EXT 2008"]
[Source "ChessBase"]
[SourceDate "2007.11.25"]
[SourceVersion "1"]
[SourceVersionDate "2007.11.25"]
[SourceQuality "1"]

1. e4 c5 2. Nf3 d6 3. d4 cxd4 4. Nxd4 Nf6 5. Nc3 g6 6. Bc4 Bg7 7. 0-0 0-0 8. h3 Nc6 9. Be3 Bd7 10. Bb3 Na5 11. Qd3 Nxb3 12. axb3 a6 13. f4 Qc7 14. Rfe1 b5 15. b4 e5 16. fxe5 dxe5 17. Nb3 Bc6 18. Nc5 Bb7 19. Nxb7 Qxb7 20. Bc5 Rfd8 21. Qe2 Bf8 22. Bxf8 Kxf8 23. Qf3 Kg7 0-1

[Event "Perm op 01-B"]
[Site "Perm"]
[Date "2007.01.26"]
[Round "8"]
[White "Goldshtein, Grigory"]
[Black "Chechurin, Yury"]
[Result "1/2-1/2"]
[WhiteElo "2185"]
[BlackElo "1912"]
[PlyCount "52"]
[EventDate "2007.01.17"]
[EventType "swiss"]
[EventRounds "8"]
[EventCountry "RUS"]
[SourceTitle "EXT 2019"]
[Source "ChessBase"]
[SourceDate "2018.10.10"]
[SourceVersion "1"]
[SourceVersionDate "2018.10.10"]
[SourceQuality "1"]

1. c4 Nf6 2. Nc3 e6 3. e4 d5 4. e5 d4 5. exf6 dxc3 6. bxc3 Qxf6 7. d4 c5 8. Nf3 h6 9. Bd3 cxd4 10. cxd4 Bb4+ 11. Bd2 Bxd2+ 12. Qxd2 0-0 13. 0-0 Nc6 14. Rfe1 b6 15. Qe3 Bb7 16. a3 Rac8 17. h3 Na5 18. Ne5 Qg5 19. g4 Qxe3 20. fxe3 f6 21. Ng6 Rf7 22. Rac1 Ba6 23. Nf4 Re8 24. c5 Bxd3 25. Nxd3 bxc5 26. Rxc5 Nb7 1/2-1/2

[Event "Perm op"]
[Site "Perm"]
[Date "2006.12.21"]
[Round "7"]
[White "Chechurin, Yury"]
[Black "Panjkov, Alexander"]
[Result "0-1"]
[WhiteElo "1912"]
[BlackElo "1878"]
[PlyCount "58"]
[EventDate "2006.12.13"]
[EventType "swiss"]
[EventRounds "9"]
[EventCountry "RUS"]
[SourceTitle "EXT 2008"]
[Source "ChessBase"]
[SourceDate "2007.11.25"]
[SourceVersion "1"]
[SourceVersionDate "2007.11.25"]
[SourceQuality "1"]

1. e4 c6 2. d4 d5 3. e5 g6 4. f4 Bg7 5. Nf3 Nh6 6. Bd3 a5 7. a4 Na6 8. c3 0-0 9. 0-0 Nc7 10. Qe2 f6 11. Be3 Ng4 12. Bc1 Nh6 13. Nbd2 Nf7 14. Re1 fxe5 15. fxe5 Ne6 16. Nf1 Qb6 17. Be3 Nh6 18. g3 Ng4 19. Bc1 Bd7 20. h3 Nh6 21. Kg2 Nf7 22. Be3 Nh6 23. N3h2 Nf5 24. Bf2 Rf7 25. Rec1 Raf8 26. Rab1 Qc7 27. b4 axb4 28. Rxb4 c5 29. Bxf5 Rxf5 0-1

[Event "Perm op"]
[Site "Perm"]
[Date "2006.12.19"]
[Round "5"]
[White "Kichigin, Viktor"]
[Black "Chechurin, Yury"]
[Result "1-0"]
[WhiteElo "1974"]
[BlackElo "1912"]
[PlyCount "55"]
[EventDate "2006.12.13"]
[EventType "swiss"]
[EventRounds "9"]
[EventCountry "RUS"]
[SourceTitle "EXT 2008"]
[Source "ChessBase"]
[SourceDate "2007.11.25"]
[SourceVersion "1"]
[SourceVersionDate "2007.11.25"]
[SourceQuality "1"]

1. e4 c5 2. b4 cxb4 3. a3 e6 4. axb4 Bxb4 5. c3 Be7 6. d4 Qc7 7. Nf3 d6 8. Bd3 e5 9. 0-0 Bg4 10. h3 Bh5 11. g4 Bg6 12. Qe2 Nf6 13. Bd2 0-0 14. Na3 a6 15. g5 Nh5 16. Nh4 Nd7 17. Nf5 Rfe8 18. h4 Bf8 19. Ng3 Nf4 20. Qf3 Nxd3 21. Qxd3 f6 22. h5 Bf7 23. Qf3 Rac8 24. Nf5 fxg5 25. Bxg5 Qxc3 26. Qg4 Kh8 27. h6 g6 28. Ng7 1-0

[Event "Perm op"]
[Site "Perm"]
[Date "2006.12.14"]
[Round "2"]
[White "Chechurin, Yury"]
[Black "Kohanov, Boris"]
[Result "1/2-1/2"]
[WhiteElo "1912"]
[BlackElo "1999"]
[PlyCount "60"]
[EventDate "2006.12.13"]
[EventType "swiss"]
[EventRounds "9"]
[EventCountry "RUS"]
[SourceTitle "EXT 2008"]
[Source "ChessBase"]
[SourceDate "2007.11.25"]
[SourceVersion "1"]
[SourceVersionDate "2007.11.25"]
[SourceQuality "1"]

1. e4 c5 2. Nf3 Nc6 3. d4 cxd4 4. Nxd4 d6 5. Bc4 g6 6. 0-0 Bg7 7. Nxc6 bxc6 8. c3 Nf6 9. Re1 0-0 10. h3 Bb7 11. e5 dxe5 12. Qb3 Qc7 13. Bg5 h6 14. Bh4 Nh5 15. f3 Rad8 16. Qc2 Qd6 17. Bf2 c5 18. Na3 Nf4 19. Nb5 Qb6 20. Kh2 a6 21. Na3 Qc7 22. g3 Nd5 23. Rad1 e6 24. Qe2 Ra8 25. Nc2 h5 26. h4 f5 27. Na1 f4 28. Rg1 Qc6 29. Nb3 fxg3+ 30. Bxg3 Nf6 1/2-1/2